000
00267nam a22001337a 4500
003
SGT
020
_a
812082069X
082
_a
200
_b
J18G
100
_a
GIRI, KOMAL
245
_a
JNANA PRAVAHA
260
_b
JNANA PRAVAHA CCSR
_c
2018
300
_a
174
942
_2
ddc
_c
BK
999
_c
31754
_d
31754